ბათუმის შოთა რუსთაველის სახელმწიფო უნივერსიტეტის ბიბლიოთეკა

Элементарная геометрия (ბიბ.ჩანაწერი № 48073)

000 -LEADER
fixed length control field 00503nam a2200193Ia 4500
001 - CONTROL NUMBER
control field 14953
003 - CONTROL NUMBER IDENTIFIER
control field GE_BSU
008 - FIXED-LENGTH DATA ELEMENTS--GENERAL INFORMATION
fixed length control field 181216s||||||||xx |||||||||||||| ||und||
040 ## - CATALOGING SOURCE
Transcribing agency GE_BSU
080 ## - UNIVERSAL DECIMAL CLASSIFICATION NUMBER
Universal Decimal Classification number 514.11(072)
100 ## - MAIN ENTRY--PERSONAL NAME
Personal name Болтянский,В.Г.
245 ## - TITLE STATEMENT
Title Элементарная геометрия
260 ## - PUBLICATION, DISTRIBUTION, ETC.
Place of publication, distribution, etc. Москва
260 ## - PUBLICATION, DISTRIBUTION, ETC.
Name of publisher, distributor, etc. Просвещение.
260 ## - PUBLICATION, DISTRIBUTION, ETC.
Date of publication, distribution, etc. 1985
300 ## - PHYSICAL DESCRIPTION
Extent 318стр.22см.
653 ## - INDEX TERM--UNCONTROLLED
Uncontrolled term Элементарная геометрия
942 ## - ADDED ENTRY ELEMENTS (KOHA)
Koha item type წიგნი
ეგზემპლარები
Withdrawn status Lost status Damaged status Not for loan Date acquired Barcode Date last seen Price effective from Koha item type
        2018-12-17 15330 2018-12-17 2018-12-17 წიგნი
        2018-12-17 15874 2018-12-17 2018-12-17 წიგნი
        2018-12-17 15875 2018-12-17 2018-12-17 წიგნი
        2018-12-17 15876 2018-12-17 2018-12-17 წიგნი
        2018-12-17 15877 2018-12-17 2018-12-17 წიგნი
        2018-12-17 15856 2018-12-17 2018-12-17 წიგნი
        2018-12-17 15567 2018-12-17 2018-12-17 წიგნი